The Cambridge guide to teaching english to speakers of other languages
Uloženo v:
| Hlavní autoři: | , |
|---|---|
| Médium: | Kniha |
| Jazyk: | angličtina |
| Vydáno: |
Cambridge
Cambridge University
2001
|
| Vydání: | 1a. ed |
| Témata: | |
| Tagy: |
Přidat tag
Žádné tagy, Buďte první, kdo vytvoří štítek k tomuto záznamu!
|
MARC
| LEADER | 00000nam a2200000 a 4500 | ||
|---|---|---|---|
| 001 | UCI3061 | ||
| 003 | CL-VaPUC | ||
| 008 | 071012e20010000uk |||||||||||||||||eng|d | ||
| 020 | |a 9780521805162 | ||
| 082 | 0 | 4 | |a 428.8 |b CAR |2 21 |
| 100 | 0 | |a Carter, Ronald |e author |9 524421 | |
| 700 | 0 | |a Numan, David |e author |9 524422 | |
| 245 | 1 | 4 | |a The Cambridge guide to teaching english to speakers of other languages |
| 250 | |a 1a. ed | ||
| 300 | |a 294 p | ||
| 942 | |c BK | ||
| 945 | |d 20071012 00:00:00 |a rbrito | ||
| 260 | |a Cambridge |b Cambridge University |c 2001 | ||
| 650 | 0 | |a Enseñanza del inglés |9 367340 | |
| 650 | 0 | |a Enseñanza de idiomas |9 339820 | |
| 650 | 0 | |a Comprensión |9 339377 | |
| 650 | 0 | |a Vocabulario |9 345405 | |
| 650 | 0 | |a Inglés |9 260023 | |
| 650 | 0 | |a Lectura |9 307634 | |
| 650 | 0 | |a Escritura |9 264941 | |
| 583 | |a last modification |c 20130806 08:31:45 |k Rodrigo Vera | ||
| 999 | |c 327456 |d 327454 | ||
| 952 | |0 0 |1 0 |4 0 |6 428_800000000000000_CAR_2001 |7 0 |8 A |9 410305 |a BIBEDU |b BIBEDU |d 2019-11-22 |i 4376285 |o 428.8 CAR 2001 |p 4376285 |r 2019-11-22 |w 2019-11-22 |y BK |k LIT | ||